<?xml version="1.0" encoding="UTF-8"?>
<record
    xmlns:xsi="http://www.w3.org/2001/XMLSchema-instance"
    xsi:schemaLocation="http://www.loc.gov/MARC21/slim http://www.loc.gov/standards/marcxml/schema/MARC21slim.xsd"
    xmlns="http://www.loc.gov/MARC21/slim">

  <leader>01848cam a2200337 a 4500</leader>
  <controlfield tag="001">16634288</controlfield>
  <controlfield tag="003">OSt</controlfield>
  <controlfield tag="005">20210414113906.0</controlfield>
  <controlfield tag="008">110202s2010    at a     b    001 0 eng  </controlfield>
  <datafield tag="010" ind1=" " ind2=" ">
    <subfield code="a">  2010284839</subfield>
  </datafield>
  <datafield tag="015" ind1=" " ind2=" ">
    <subfield code="a">GBB080015</subfield>
    <subfield code="2">bnb</subfield>
  </datafield>
  <datafield tag="016" ind1="7" ind2=" ">
    <subfield code="a">015543077</subfield>
    <subfield code="2">Uk</subfield>
  </datafield>
  <datafield tag="020" ind1=" " ind2=" ">
    <subfield code="a">9781408007457 (pbk.)</subfield>
  </datafield>
  <datafield tag="035" ind1=" " ind2=" ">
    <subfield code="a">(OCoLC)ocn646392496</subfield>
  </datafield>
  <datafield tag="040" ind1=" " ind2=" ">
    <subfield code="a">UKM</subfield>
    <subfield code="c">UKM</subfield>
    <subfield code="d">UWO</subfield>
    <subfield code="d">DLC</subfield>
  </datafield>
  <datafield tag="042" ind1=" " ind2=" ">
    <subfield code="a">ukblsr</subfield>
    <subfield code="a">lccopycat</subfield>
  </datafield>
  <datafield tag="050" ind1="0" ind2="0">
    <subfield code="a">HB615</subfield>
    <subfield code="b">.S755 2010</subfield>
  </datafield>
  <datafield tag="082" ind1="0" ind2="4">
    <subfield code="a">658.421</subfield>
    <subfield code="2">22</subfield>
  </datafield>
  <datafield tag="100" ind1="1" ind2=" ">
    <subfield code="a">Stokes, David</subfield>
    <subfield code="q">(David R.)</subfield>
  </datafield>
  <datafield tag="245" ind1="1" ind2="0">
    <subfield code="a">Entrepreneurship /</subfield>
    <subfield code="c">David Stokes, Nick Wilson, Martha Mador.</subfield>
  </datafield>
  <datafield tag="260" ind1=" " ind2=" ">
    <subfield code="a">Australia ;</subfield>
    <subfield code="a">United States :</subfield>
    <subfield code="b">South-Western Cengage Learning,</subfield>
    <subfield code="c">c2010.</subfield>
  </datafield>
  <datafield tag="300" ind1=" " ind2=" ">
    <subfield code="a">xx, 391 p. :</subfield>
    <subfield code="b">ill. (some col.) ;</subfield>
    <subfield code="c">25 cm.</subfield>
  </datafield>
  <datafield tag="504" ind1=" " ind2=" ">
    <subfield code="a">Includes bibliographical references and index.</subfield>
  </datafield>
  <datafield tag="505" ind1=" " ind2=" ">
    <subfield code="a">Contents: In Search of entrepreneurship: The Search for entrepreneurship -- The Properties of entrepreneurship -- Entrepreneurship and innovation -- Entrepreneurship and the economy -- Entrepreneurship in context - The Life cycle of entrepreneurship -- Integrative case study I, 2, 3 -- In search of the entrepreneur -- The Search for the entrepreneur -- Entrepreneurs and managing creativity -- Entrepreneurial networking -- Entrepreneurial decision-making and plannimg -- Integrative case study 4, 5, 6 -- In Search of enterprise value: Entrepreneurial marketing -- The Creation and protection of knowledge -- The Entrepreneurial team -- Entrepreneurial business models and processes -- Entrepreneurial finance -- Integrative case study 7, 8, 9 -- Glossary.</subfield>
  </datafield>
  <datafield tag="650" ind1=" " ind2="0">
    <subfield code="a">Entrepreneurship.</subfield>
  </datafield>
  <datafield tag="700" ind1="1" ind2=" ">
    <subfield code="a">Wilson, Nicholas,</subfield>
    <subfield code="c">Ph.D.</subfield>
  </datafield>
  <datafield tag="700" ind1="1" ind2=" ">
    <subfield code="a">Mador, Martha.</subfield>
  </datafield>
  <datafield tag="906" ind1=" " ind2=" ">
    <subfield code="a">7</subfield>
    <subfield code="b">cbc</subfield>
    <subfield code="c">copycat</subfield>
    <subfield code="d">2</subfield>
    <subfield code="e">ncip</subfield>
    <subfield code="f">20</subfield>
    <subfield code="g">y-gencatlg</subfield>
  </datafield>
  <datafield tag="942" ind1=" " ind2=" ">
    <subfield code="2">lcc</subfield>
    <subfield code="c">BK</subfield>
  </datafield>
  <datafield tag="999" ind1=" " ind2=" ">
    <subfield code="c">404</subfield>
    <subfield code="d">7904</subfield>
  </datafield>
  <datafield tag="952" ind1=" " ind2=" ">
    <subfield code="0">0</subfield>
    <subfield code="1">0</subfield>
    <subfield code="2">lcc</subfield>
    <subfield code="4">0</subfield>
    <subfield code="7">0</subfield>
    <subfield code="a">WIUC-1</subfield>
    <subfield code="b">WIUC-1</subfield>
    <subfield code="c">GEN</subfield>
    <subfield code="d">2011-12-15</subfield>
    <subfield code="l">0</subfield>
    <subfield code="o">HB615 .S6</subfield>
    <subfield code="p">1095/11</subfield>
    <subfield code="r">2011-12-15 00:00:00</subfield>
    <subfield code="t">1</subfield>
    <subfield code="w">2011-12-15</subfield>
    <subfield code="y">BK</subfield>
  </datafield>
  <datafield tag="952" ind1=" " ind2=" ">
    <subfield code="0">0</subfield>
    <subfield code="1">0</subfield>
    <subfield code="2">lcc</subfield>
    <subfield code="4">0</subfield>
    <subfield code="7">0</subfield>
    <subfield code="a">WIUC-1</subfield>
    <subfield code="b">WIUC-1</subfield>
    <subfield code="c">GEN</subfield>
    <subfield code="d">2011-12-15</subfield>
    <subfield code="l">0</subfield>
    <subfield code="o">HB615 .S61</subfield>
    <subfield code="p">1096/11</subfield>
    <subfield code="r">2011-12-15 00:00:00</subfield>
    <subfield code="t">2</subfield>
    <subfield code="w">2011-12-15</subfield>
    <subfield code="y">BK</subfield>
  </datafield>
  <datafield tag="952" ind1=" " ind2=" ">
    <subfield code="0">0</subfield>
    <subfield code="1">0</subfield>
    <subfield code="2">lcc</subfield>
    <subfield code="4">0</subfield>
    <subfield code="7">0</subfield>
    <subfield code="a">WIUC-1</subfield>
    <subfield code="b">WIUC-1</subfield>
    <subfield code="c">GEN</subfield>
    <subfield code="d">2011-12-15</subfield>
    <subfield code="l">0</subfield>
    <subfield code="o">HB615 .S62</subfield>
    <subfield code="p">1097/11</subfield>
    <subfield code="r">2011-12-15 00:00:00</subfield>
    <subfield code="t">3</subfield>
    <subfield code="w">2011-12-15</subfield>
    <subfield code="y">BK</subfield>
  </datafield>
  <datafield tag="952" ind1=" " ind2=" ">
    <subfield code="0">0</subfield>
    <subfield code="1">0</subfield>
    <subfield code="2">lcc</subfield>
    <subfield code="4">0</subfield>
    <subfield code="7">0</subfield>
    <subfield code="a">WIUC-1</subfield>
    <subfield code="b">WIUC-1</subfield>
    <subfield code="c">GEN</subfield>
    <subfield code="d">2011-12-15</subfield>
    <subfield code="l">0</subfield>
    <subfield code="o">HB615 .S63</subfield>
    <subfield code="p">1098/11</subfield>
    <subfield code="r">2011-12-15 00:00:00</subfield>
    <subfield code="t">4</subfield>
    <subfield code="w">2011-12-15</subfield>
    <subfield code="y">BK</subfield>
  </datafield>
  <datafield tag="952" ind1=" " ind2=" ">
    <subfield code="0">0</subfield>
    <subfield code="1">0</subfield>
    <subfield code="2">lcc</subfield>
    <subfield code="4">0</subfield>
    <subfield code="7">0</subfield>
    <subfield code="a">WIUC-1</subfield>
    <subfield code="b">WIUC-1</subfield>
    <subfield code="c">GEN</subfield>
    <subfield code="d">2011-12-15</subfield>
    <subfield code="l">0</subfield>
    <subfield code="o">HB615 .S64</subfield>
    <subfield code="p">1099/11</subfield>
    <subfield code="r">2011-12-15 00:00:00</subfield>
    <subfield code="t">5</subfield>
    <subfield code="w">2011-12-15</subfield>
    <subfield code="y">BK</subfield>
  </datafield>
  <datafield tag="952" ind1=" " ind2=" ">
    <subfield code="0">0</subfield>
    <subfield code="1">0</subfield>
    <subfield code="2">lcc</subfield>
    <subfield code="4">0</subfield>
    <subfield code="7">0</subfield>
    <subfield code="a">WIUC-1</subfield>
    <subfield code="b">WIUC-1</subfield>
    <subfield code="c">GEN</subfield>
    <subfield code="d">2011-12-15</subfield>
    <subfield code="l">0</subfield>
    <subfield code="o">HB615 .S65</subfield>
    <subfield code="p">1100/11</subfield>
    <subfield code="r">2011-12-15 00:00:00</subfield>
    <subfield code="t">6</subfield>
    <subfield code="w">2011-12-15</subfield>
    <subfield code="y">BK</subfield>
  </datafield>
  <datafield tag="952" ind1=" " ind2=" ">
    <subfield code="0">0</subfield>
    <subfield code="1">0</subfield>
    <subfield code="2">lcc</subfield>
    <subfield code="4">0</subfield>
    <subfield code="7">0</subfield>
    <subfield code="a">WIUC-1</subfield>
    <subfield code="b">WIUC-1</subfield>
    <subfield code="c">GEN</subfield>
    <subfield code="d">2011-12-15</subfield>
    <subfield code="l">0</subfield>
    <subfield code="o">HB615 .S66</subfield>
    <subfield code="p">1101</subfield>
    <subfield code="r">2011-12-15 00:00:00</subfield>
    <subfield code="t">7</subfield>
    <subfield code="w">2011-12-15</subfield>
    <subfield code="y">BK</subfield>
  </datafield>
  <datafield tag="952" ind1=" " ind2=" ">
    <subfield code="0">0</subfield>
    <subfield code="1">0</subfield>
    <subfield code="2">lcc</subfield>
    <subfield code="4">0</subfield>
    <subfield code="7">0</subfield>
    <subfield code="a">WIUC-KL</subfield>
    <subfield code="b">WIUC-KL</subfield>
    <subfield code="c">GEN</subfield>
    <subfield code="d">2019-10-18</subfield>
    <subfield code="e">WIUC</subfield>
    <subfield code="l">0</subfield>
    <subfield code="o">HB615.S66</subfield>
    <subfield code="p">K/142/142/19</subfield>
    <subfield code="r">2022-02-02 00:00:00</subfield>
    <subfield code="w">2011-12-15</subfield>
    <subfield code="y">BK</subfield>
  </datafield>
</record>
